=LDR 00000nam 2200000 4500 =001 INLIS000000000033919 =005 20210624105109 =035 ##$$a 0010-061300000033919 =008 210624################g##########0#ind## =041 ##$$a ind =082 ##$$a 342.05 =090 ##$$a 342.05, Lim e =245 ##$$a Lima tahun menegakkan konstitusi : $b Gambaran singkat pelaksanaan tugas Mahkamah Konstitusi 2003 - 2008 /$c Mahkamah Konstitusi Republik Indonesia =260 ##$$a Jakarta :$b Sekjen dan Kepanitraan Mahkamah Konstitusi,$c 2008 =300 ##$$a xii, ,360 hlm. hlm, : $b ilus. ; $c 27 x 24 cm. =650 #4$$a Mahkamah Konstitusi - Fungsi dan Tugas =850 ##$$a NBPNMAT =084 ##$$a 342.05 LIM =710 #$$a Mahkamah Konstitusi Republik Indonesia =990 ##$$a 30900069